|
|
|
|
| LEADER |
00825Cam#a2200253#a#4500 |
| 001 |
022549 |
| 005 |
20250214144315.0 |
| 008 |
110322s1973||||ag # g## #000|f#spa#d |
| 040 |
|
|
|a AR-BeUNQ
|
| 082 |
0 |
4 |
|a 843
|2 21
|
| 100 |
1 |
|
|a Perrault, Gilles
|
| 245 |
0 |
3 |
|a La orquesta roja /
|c Gilles Perrault.
|
| 250 |
|
|
|a 1a. ed., 3a. impr.
|
| 260 |
|
|
|a Buenos Aires :
|b Emecé,
|c 1973.
|
| 300 |
|
|
|a 365 p. ;
|c 21 cm.
|
| 490 |
1 |
|
|a Grandes novelistas ;
|
| 500 |
|
|
|a Traducción de: L'orchestre rouge. Librairie Arthème Fayard, 1967.
|
| 650 |
|
7 |
|a Literatura (Arte)
|2 spines
|
| 650 |
|
7 |
|a Novelas históricas
|2 ttll
|
| 650 |
|
7 |
|a Literatura francesa
|2 ttll
|
| 830 |
|
0 |
|a Grandes novelistas (Emecé).
|
| 929 |
|
|
|a DONACION
|b Editorial UNQ
|d 0,00
|e 20110207
|f PAT0036934
|g 1719 Exp. 827-0387/98
|j 46064
|
| 942 |
|
|
|c LIB
|n 0
|
| 999 |
|
|
|c 21613
|d 97000
|